000
00282cam a22000977a 4500
008
180718b1973 xxu||||| |||| 00| 0 eng d
082
_a
L8x5452 T152/1972/3
245
_a
The Madars account code
260
_a
Tamil Nadu
_b
The Director of Stationery and Printing
_c
1973
300
_a
505+p.
999
_c
500638
_d
500638